Statistics for Fictional Characters by Letter - N

Click here to take the quiz!

General Stats

  • This quiz has been taken 9,423 times
  • The average score is 11 of 19

Answer Stats

HintCharacter% Correct
Kidnapped clownfish who
needed to be found
Nemo
99%
Roman god of the seaNeptune
85%
Chosen one from the MatrixNeo
79%
She dwells deep in a Scottish lochNessie
78%
Homer Simpson's neighborinoNed Flanders
76%
Simba's girlfriendNala
68%
Bumbling friend of Harry, Ron,
and Hermione
Neville
Longbottom
64%
Innkeeper and shower-stabberNorman Bates
58%
Mexican wrestler portrayed
by Jack Black
Nacho
54%
Female counterpart to the Hardy BoysNancy Drew
53%
Eye-patched agent of S.H.I.E.L.D.Nick Fury
51%
Greek goddess who personifies victoryNike
49%
Frasier's brotherNiles Crane
49%
Has a friend named Pedro and a
brother training to be a cage fighter
Napoleon
Dynamite
47%
"Femme" who became a
government assassin
Nikita
40%
Tailed, teleporting X-men mutantNightcrawler
36%
Teenage ninja. Namesake of the third
best-selling manga of all time
Naruto Uzumaki
29%
Garfield wants to mail this kitten
to Abu Dhabi
Nermal
21%
"Guys and Dolls" character with
a city for a last name
Nathan Detroit
20%

Score Distribution

Percentile by Number Answered

Percent of People with Each Score

Your Score History

You have not taken this quiz